000 00628nam a2200193Ia 4500
003 GCL
008 140319s9999 xx 000 0 ara d
040 _aGCL /
_cGCL
082 0 4 _a229.42732
_bا م
100 1 _aاديب قوندراق
245 1 0 _aالمسيح فى القرآن ووحدة الهدف /
_cاديب قوندراق
250 _aالاولى
260 _aسوريا :
_bدار الفرقد للطباعة والنشر والتوزيع ،
_c2001
300 _a168 ص ؛
_c22 سم
650 0 4 _aالمسيح
650 0 4 _aالمسيح - اخلاقه
650 0 4 _aالمسيح - صلبه
942 _2ddc
_cBK
999 _c5391
_d5391